| 000 -LEADER |
| fixed length control field |
00993nam a2200205Ia 4500 |
| 003 - CONTROL NUMBER IDENTIFIER |
| control field |
OSt |
| 005 - DATE AND TIME OF LATEST TRANSACTION |
| control field |
20241030095425.0 |
| 007 - PHYSICAL DESCRIPTION FIXED FIELD--GENERAL INFORMATION |
| fixed length control field |
ca aa aaaaa |
| 008 - FIXED-LENGTH DATA ELEMENTS--GENERAL INFORMATION |
| fixed length control field |
201103s9999 xx 000 0 und d |
| 040 ## - CATALOGING SOURCE |
| Transcribing agency |
SSBUL |
| 041 ## - LANGUAGE CODE |
| Language code of text/sound track or separate title |
bur |
| 082 ## - DEWEY DECIMAL CLASSIFICATION NUMBER |
| Edition number |
23 |
| Classification number |
၂၉၄.၃၄၄၃ |
| Item number |
၉၂၇၀(၁) S-SAT |
| 100 0# - MAIN ENTRY--PERSONAL NAME |
| Personal name |
သိရိန္ဒာဘိဝံသ၊ အရှင်(ယောဆရာတော်) |
| 245 10 - TITLE STATEMENT |
| Title |
အေးမြရွှင်ပြုံးလူ့နှလုံး(လူ၏စွမ်းအားပတ္တမြား) / |
| Statement of responsibility, etc. |
အရှင်သိရိန္ဒာဘိဝံသသ(ယောဆရာတော်)။ |
| 260 ## - PUBLICATION, DISTRIBUTION, ETC. |
| Place of publication, distribution, etc. |
ရန်ကုန် ၊ |
| Name of publisher, distributor, etc. |
နှင်းဦးလွင်စာပေ၊ |
| Date of publication, distribution, etc. |
၂၀၀၂။ |
| 300 ## - PHYSICAL DESCRIPTION |
| Extent |
၉၄ စာမျက်နှာ ၊ |
| Dimensions |
၁၆ စင်တီ။ |
| 500 ## - GENERAL NOTE |
| General note |
S-SAT: Dr. Sai Aung Tun <br/>S-SL: U San Lwin |
| 650 ## - SUBJECT ADDED ENTRY--TOPICAL TERM |
| Topical term or geographic name entry element |
ဗုဒ္ဓဘာသာ |
| General subdivision |
တရားတော်။ |
| 9 (RLIN) |
13507 |
| 942 ## - ADDED ENTRY ELEMENTS (KOHA) |
| Source of classification or shelving scheme |
|
| Koha item type |
Book (Short term) |